La instrucción en cundinamarca (Registro nro. 303818)

Detalles MARC
000 -ENCABEZADO
Número de control [NR] 01758nam a22002417a 4500
005 - FECHA Y HORA DE LA ÚLTIMA TRANSACCIÓN
control field 20170925105117.0
008 - DE LONGITUD FIJA DE DATOS DE ELEMENTOS - INFORMACIÓN GENERAL
Elementos de longitud fija [NR] 160725s1919 ck |||frm||| 001 0 spa d
040 ## - FUENTE DE CATALOGACION [NR]
Quien Cataloga Sandra Yazo
Quien Clasifica Sandra Yazo
041 0# - CODIGO DE IDIOMA [R]
Código de idioma para texto/pista de sonido o título separado [R] Español
082 04 - NUMERO DE CLASIFICACION DECIMAL DEWEY [R]
Número de la edición [NR] 20
Número de clasificación [R] 371
092 ## - SIGNATURA TOPOGRAFICA LOCAL
Número de clasificación local E40N102
100 1# - ASIENTO PRINCIPAL--NOMBRE PERSONAL [NR]
Nombre personal [NR] Zapata, Ramón
Fechas asociadas con el nombre [NR] 1892-1977‏
ID Autoridad 78303
245 13 - MENCION DE TITULO [NR]
Título [NR] La instrucción en cundinamarca
Mención de responsabilidad, etc. [NR] trabajo presentado por Ramón Zapata O. para optar el título de doctor en filosofía y letras en el Colegio Mayor de Nuestra señora del rosario
260 ## - PUBLICACION, DISTRIBUCION, ETC. (PIE DE IMPRENTA) [R]
Lugar de publicación, distribución, etc. [R] Bogotá (Colombia)
Nombre del editor, distribuidor, etc. [R] J. M. Rosales
Fecha de publicación, distribución, etc. [R] 1919
300 ## - DESCRIPCION FISICA [R]
Extensión [R] 130 páginas
Dimensiones [R] 23 x 15 cm.
500 ## - NOTA GENERAL [R]
Nota general [NR] Detalles físicos: Encuadernación rígida (holandesa) en cartón forrado en papel. Lomo en tela con adornos en dorado. Guardas. Portada impresa en una sola tita. Dedicatoria con una anotación manuscrita del Autor. Texto en una sola columna, márgenes amplios. Ejemplar en buen estado de conservación
505 0# - NOTA DE CONTENIDO CON FORMATO PREESTABLECIDO [R]
Nota de contenido con formato preestablecido [NR] Introducción ; Colonia – Preliminares ; Colegios de indios ; Primera catedra ; Primeras escuelas ; Primera catedra de filosofía ; Colegio oficial ; Colegio-seminario de San Luis ; Colegio-Seminario de San Bartolomé ; Academia Javeriana ; Pleito entre Jesuitas y Dominicos ; Nuevo plan de estudios ; Colegio de Santo Tomás ; Colegio del Rosario ; Colegio de la enseñanza ; Otros Colegios ; San Buenaventura ; San Miguel ; Recoleta de la Candelaria ; Expedición botánica ; Escuelas ; Círculos literarios ; Conclusión
506 ## - NOTA DE RESTRICCIONES DE ACCESO [R]
Condiciones de acceso [NR] Consulta en sala
650 #7 - ASIENTO SECUNDARIO DE MATERIA - TERMINO TEMATICO [R]
9 (RLIN) 13779
Término temático o nombre geográfico como elemento de entrada [NR] Educación
Subdivisión cronológica [R] Siglo XVI - XVIII
Subdivisión geográfica [R] Cundinamarca (Colombia)
650 #7 - ASIENTO SECUNDARIO DE MATERIA - TERMINO TEMATICO [R]
9 (RLIN) 29039
Término temático o nombre geográfico como elemento de entrada [NR] Educación
Subdivisión general [R] Filosofía
Subdivisión cronológica [R] Siglo XVI - XVIII
Subdivisión geográfica [R] Cundinamarca (Colombia)
690 ## - ASUNTO AGREGADO LOCAL DE ENTRADA - TÉRMINO TEMÁTICO (OCLC, RLIN)
Acceso temático local Teoría de la educación
9 (RLIN) 25273
942 ## - ELEMENTOS DE ENTRADA AGREGADOS (KOHA)
Sistema de clasificación LOCAL
Tipo de ítem principal el descrito en 300a Libro
Edición 1
Clasificación E40N102
Existencias
Suprimido Perdido Sistema de clasificación Dañado No prestable Tipo de ítem específico Ubicación habitual Ubicación actual Localización Fecha de creación Forma de adquisición Costo Total préstamos Signatura topográfica Código de barras Última vez visto Ejemplar Price effective from Tipo de ítem
    LOCAL     Libro archivo Archivo Histórico Archivo Histórico Archivo histórico 25/07/2016 Donación 0.00   E40N102 L005790 25/07/2016 Ej.1 25/07/2016 Libro